000 00946nam a2200205Ia 4500
008 151119s9999||||xx |||||||||||||| ||und||
082 _a927तेंडुल/सचिन
082 _bGKKV34582
100 _a"तेंडुलकर, सचिन"
245 _aसचिन तेंडुलकर प्लेईंग इट माय वे अनु- दीपक बोरिओ
260 _aपुणे
260 _bमेहता पब्लिशिंग हाउस
260 _c2015
300 _a502p.
600 _a"तेंडुलकर, सचिन"
630 _aसचिन तेंडुलकर प्लेईंग इट माय वे अनु- दीपक बोरिओ
700 _a"तेंडुलकर, सचिन"
730 _aसचिन तेंडुलकर प्लेईंग इट माय वे अनु- दीपक बोरिओ
942 _cBOOK
999 _c1086753
_d1086750